Music Quiz

Random Music or Rock Quiz

Tracks on the Back in Black Quiz Stats

 Plays Quiz Updated Nov 6, 2017

Score 0/20 Timer 05:00
8 Plays Today
Hint Answer % Correct
Jimi Hendrix Experience - Are You Experienced (US)
88.2%
AC/DC - Back in Black
85.8%
Johnny Cash - At Folsom Prison
84.1%
ZZ Top - Eliminator
80.4%
Deep Purple - Machine Head
79.1%
Def Leppard - Hysteria
75.5%
Rush - Moving Pictures
70.6%
Eagles - Hotel California
69.9%
The Ramones - Road to Ruin
69.8%
Eminem - The Marshall Mathers LP
69.1%
Hint Answer % Correct
Sinéad O'Connor - I Do Not Want What I Haven't Got
68.2%
Van Halen - s/t
67%
Jay-Z - The Black Album
66.3%
Aerosmith - Get a Grip
64.2%
Bob Dylan - Blonde on Blonde
48.4%
Mariah Carey - Daydream
43%
Live - Throwing Copper
42.9%
Adele - 19
42.3%
Iron Maiden - Piece of Mind
40%
Black Sabbath - Master of Reality
38.5%

You're not logged in!

Compare scores with friends on all Sporcle quizzes.
OR
Log In

You Might Also Like...

Show Comments

Extras

Top Quizzes Today


Score Distribution

Your Account Isn't Verified!

In order to create a playlist on Sporcle, you need to verify the email address you used during registration. Go to your Sporcle Settings to finish the process.

Report this User

Report this user for behavior that violates our Community Guidelines.

Details: